000 00790cam a2200301 i 4500
001 768714001
003 CO-MdFUSB
005 20241204142247.0
007 ta
008 160824t2001 -ne||||| |||| 00| 0 spa d
020 _a84-85030-08-7
040 _cCO-MdFUSB
041 0 _aspa
082 0 4 _223
_aG 238
_bM696d
100 1 _aMoggré, A. J.
_eautor
245 0 0 _aLos doce artículos de la fe
_c/ A. J. Moggré
250 _a4
264 1 _aMadrid, España :
_b FELIRE (ver Fundación Editorial de Literatura Reformada),
_c[1982]
264 4 _c©1982
300 _a24 páginas
336 _atexto
_btxt
_2rdacontent
337 _2rdamedia
_asin mediación
_bn
338 _2rdacarrier
_avolumen
_bnc
563 _aRustico
653 _aCredo
942 _cBK
945 _aMiguel
999 _c35215
_d35215